01013nam a22003015a 450000100090000000300040000900500170001300800410003001000170007102000150008804000130010304200100011604300120012605000240013808200250016210000250018724500690021226000930028130000300037452100350040452600190043954100060045856200560046490600450052094200170056599900170058295201120059914186722OSt20140310182850.0051202s2004 ph a 000 0 eng  a 2005345381 a9718280308 aDLCcDLC alcode aa-ph--- aPL 5539b.F363 2004 aFIL 920.72bF39 20041 aFernandez, Charlene.10aMisadventures of a disorganized young womancFernandez, Charlene aNew Manila, Quezon, CitybPublished and exclusively distributed by Milflores Pub.cc2004 axvi, 165 p.bill.c23 cm. aHigh School to College Student c1210L to 1700L j1 efor circulation. 1 copy available in the collection a7bibccorigoded3encipf20gy-gencatlg 2lcccBKkFIL c16980d16980 00102lcc40aCLbCLcFILd2012-04-19l0oPL 5539 .F363 2004pc5251r2018-05-08 00:00:00t1w2012-04-19yBK